highest grossing political thrillers - Statistics

General Stats
  • This quiz has been taken 10 times
  • The average score is 4 of 15
Answer Stats
year starring gross film % Correct
1997 Harrison Ford $352 million Air Force One
50%
1976 Dustin Hoffman $310 million All the President's Men
50%
1993 Clint Eastwood $231 million In the Line of Fire
50%
1993 Julia Roberts $226 million The Pelican Brief
50%
1994 Willem Defoe $273 million Clear and Present Danger
38%
1991 Kevin Costner $158 million JFK
38%
2014 Chris Evans $292 million Captain America: the Winter Soldier
25%
1997 Mel Gibson $155 million Conspiracy Theory
25%
1998 Will Smith $219 million Enemy of the State
25%
1990 Sean Connery $270 million The Hunt for Red October
25%
2012 Ben Affleck $158 million Argo
13%
2013 Gerard Butler $137 million Olympus has Fallen
13%
1992 Sean Bean $188 million Patriot Games
13%
2002 Morgan Freeman $191 million The Sum of All Fears
13%
2000 Catherine Zeta-Jones $205 million Traffic
0%
No matching quizzes found
Score Distribution
Percent of People with Each Score
Percentile by Number Answered
Your Score History
You have not taken this quiz